[Event "Porticcio Open"]
[Site "?"]
[Date "2016.06.25"]
[Round "4.6"]
[White "Zhigalko, Sergei"]
[Black "Zude, Erik"]
[Result "1-0"]
[WhiteElo "2653"]
[BlackElo "2403"]
[PlyCount "53"]
[EventDate "2016.??.??"]
[WhiteClock "0:54:21"]
[BlackClock "0:24:43"]

1. e4 c5 2. Nf3 d6 3. d4 cxd4 4. Nxd4 Nf6 5. Nc3 a6 6. Be3 e5 7. Nb3 Be6 8. Qd2
Nbd7 9. f3 b5 10. O-O-O Be7 11. g4 b4 12. Ne2 h6 13. Ng3 d5 14. Kb1 d4 15. Bf2
g5 16. h4 Rg8 17. hxg5 hxg5 18. Nf5 Bf8 19. Bg3 a5 20. Bb5 a4 21. Nbxd4 exd4
22. Nxd4 Ra5 23. c4 bxc3 24. Qxc3 Rxb5 25. Nxb5 Bc5 26. Nc7+ Ke7 27. Be5 1-0

[Event "Porticcio Open"]
[Site "?"]
[Date "2016.06.25"]
[Round "4.7"]
[White "Kuzubov, Yuriy"]
[Black "Schroeder, Jan-Christian"]
[Result "1/2-1/2"]
[WhiteElo "2635"]
[BlackElo "2507"]
[PlyCount "124"]
[EventDate "2016.??.??"]
[WhiteClock "0:04:06"]
[BlackClock "0:01:37"]

1. d4 d5 2. c4 e6 3. Nc3 Be7 4. cxd5 exd5 5. Bf4 Nf6 6. e3 Bf5 7. Nge2 O-O 8.
Ng3 Be6 9. Bd3 c5 10. dxc5 Bxc5 11. O-O Nc6 12. Rc1 d4 13. Nce4 Be7 14. Ng5
dxe3 15. Bxe3 Bxa2 16. Nf5 Bd5 17. Nxh7 Nxh7 18. Nxg7 Kxg7 19. Qg4+ Ng5 20.
Rxc6 Bxc6 21. Bd4+ Qxd4 22. Qxd4+ Bf6 23. Qe3 Rg8 24. h4 Ne6 25. Be4 Bxh4 26.
Bxc6 bxc6 27. Rc1 Rad8 28. g3 Bg5 29. Qc3+ Bf6 30. Qxc6 Bxb2 31. Rc4 Bd4 32.
Kg2 Rb8 33. Qe4 Rgd8 34. Rc2 Rb5 35. Qg4+ Kf8 36. Re2 a5 37. Rxe6 fxe6 38. Qxe6
Rbd5 39. f4 Bg7 40. Qa6 R8d6 41. Qa8+ Kf7 42. Qb7+ Rd7 43. Qb3 Ke7 44. Qe3+ Kf7
45. Qb3 Bd4 46. Kf3 Ke7 47. Qa3+ Ke8 48. Qa4 Kd8 49. Qc6 Ba7 50. Kg4 Bf2 51.
Kf3 Bd4 52. Ke4 Bg7 53. Qxd5 Rxd5 54. Kxd5 a4 55. Kc4 Bf8 56. g4 Ke8 57. g5 Kf7
58. f5 Be7 59. Kc3 Ba3 60. Kc4 Bf8 61. Kc3 Ba3 62. Kc4 Bf8 1/2-1/2

[Event "Porticcio Open"]
[Site "?"]
[Date "2016.06.25"]
[Round "4.8"]
[White "Bernard, Christophe"]
[Black "Sengupta, Deep"]
[Result "0-1"]
[WhiteElo "2245"]
[BlackElo "2543"]
[PlyCount "82"]
[EventDate "2016.??.??"]
[WhiteClock "0:29:44"]
[BlackClock "0:13:37"]

1. d4 Nf6 2. c4 e6 3. g3 d5 4. Bg2 Bb4+ 5. Bd2 Be7 6. Nf3 O-O 7. Qc2 c6 8. O-O
b6 9. b3 a5 10. Nc3 Ba6 11. cxd5 cxd5 12. Ne5 Nfd7 13. Nf3 Qc8 14. a3 Bxe2 15.
Rfc1 Ba6 16. Ng5 Nf6 17. Bxd5 Bb7 18. Bxb7 Qxb7 19. Qd3 Nbd7 20. Qf3 Qa6 21. a4
Bb4 22. Bf4 Bxc3 23. Rxc3 Rac8 24. Rac1 h6 25. Ne4 Nxe4 26. Qxe4 Nf6 27. Qf3
Rxc3 28. Rxc3 Nd5 29. Rc6 Rc8 30. Rxc8+ Qxc8 31. Kg2 Qc2 32. Be5 f6 33. Bd6 Qc6
34. Ba3 g6 35. Kf1 Kf7 36. Qd3 Nc3 37. Ke1 Qh1+ 38. Kd2 Nb1+ 39. Kc2 Nxa3+ 40.
Kb2 Qe1 41. Qf3 Qb1+ 0-1

[Event "Porticcio Open"]
[Site "?"]
[Date "2016.06.28"]
[Round "5.1"]
[White "Edouard, Romain"]
[Black "Naroditsky, Daniel"]
[Result "1/2-1/2"]
[WhiteElo "2648"]
[BlackElo "2634"]
[PlyCount "93"]
[EventDate "2016.??.??"]

1. d4 Nf6 2. c4 g6 3. Nc3 d5 4. Nf3 Bg7 5. Bf4 O-O 6. Rc1 Be6 7. e3 c5 8. cxd5
Nxd5 9. Nxd5 Qxd5 10. Bc4 Qd7 11. d5 Bg4 12. Qb3 Bxf3 13. gxf3 Qh3 14. d6 Nc6
15. dxe7 Nxe7 16. Qxb7 Nf5 17. Bxf7+ Kh8 18. Rxc5 g5 19. Qe4 Qg2 20. Rf1 Nh4
21. Ke2 gxf4 22. Rh5 Qxf3+ 23. Qxf3 Nxf3 24. Bd5 Rab8 25. Kxf3 fxe3+ 26. Kxe3
Rxb2 27. Bb3 Re8+ 28. Kf3 Rf8+ 29. Kg3 Rf6 30. h4 Bf8 31. Rd5 Bd6+ 32. Kh3 Re2
33. Rg1 h6 34. f4 Re3+ 35. Rg3 Rxg3+ 36. Kxg3 Bxf4+ 37. Kg4 Bd6 38. Ra5 Bb8 39.
Rc5 Kg7 40. Rb5 Rb6 41. Rxb6 axb6 42. Kf5 Bg3 43. h5 Bf2 44. Bc4 Bg1 45. Bb3
Bf2 46. Bc4 Bg1 47. Bb3 1/2-1/2

[Event "Porticcio Open"]
[Site "?"]
[Date "2016.06.28"]
[Round "5.2"]
[White "Bacrot, Etienne"]
[Black "Maze, S."]
[Result "1-0"]
[WhiteElo "2695"]
[BlackElo "2627"]
[PlyCount "65"]
[EventDate "2016.??.??"]

1. d4 Nf6 2. c4 e6 3. Nf3 d5 4. Nc3 c5 5. cxd5 Nxd5 6. e4 Nxc3 7. bxc3 cxd4 8.
cxd4 Bb4+ 9. Bd2 Bxd2+ 10. Qxd2 O-O 11. Rc1 Nc6 12. Be2 Qb6 13. O-O Rd8 14. Rc4
Bd7 15. Qe3 Rac8 16. d5 Qxe3 17. fxe3 exd5 18. exd5 Ne7 19. e4 f6 20. Rb1 b6
21. d6 Nc6 22. Rbc1 Kf7 23. R4c3 Ne5 24. Nxe5+ fxe5 25. Rf1+ Kg8 26. Rc7 Be6
27. Rfc1 Ra8 28. R1c6 Bd7 29. Rc2 Be6 30. Rd2 Kf8 31. Ba6 h6 32. h3 Rab8 33. a4
1-0

[Event "Porticcio Open"]
[Site "?"]
[Date "2016.06.28"]
[Round "5.4"]
[White "Jones, Gawain C B"]
[Black "Grandelius, Nils"]
[Result "0-1"]
[WhiteElo "2650"]
[BlackElo "2643"]
[PlyCount "106"]
[EventDate "2016.??.??"]

1. e4 e5 2. Nf3 Nc6 3. Nc3 Nf6 4. d4 exd4 5. Nxd4 Bb4 6. Nxc6 bxc6 7. Bd3 d5 8.
exd5 O-O 9. O-O cxd5 10. h3 Re8 11. Qf3 Rb8 12. Bg5 Be7 13. Rfe1 Be6 14. Bf4
Bd6 15. Nb5 Bxf4 16. Qxf4 Rb7 17. b3 Qb8 18. Nd4 c5 19. Nxe6 Rxe6 20. Qxb8+
Rxb8 21. Rxe6 fxe6 22. Re1 Kf7 23. f4 a5 24. g4 h6 25. Kf2 g5 26. fxg5 hxg5 27.
Re5 Rg8 28. c4 Nd7 29. Re3 d4 30. Re1 Kf6 31. Be4 Ne5 32. Kg3 Rh8 33. Re2 a4
34. Re1 axb3 35. axb3 Rb8 36. Rb1 Ke7 37. h4 gxh4+ 38. Kxh4 Kd6 39. Kg3 Rg8 40.
Bf3 Rb8 41. Be4 Rg8 42. Bf3 Nxf3 43. Kxf3 e5 44. Rh1 Rf8+ 45. Ke2 e4 46. Rh6+
Ke5 47. Rh5+ Kf4 48. Rxc5 Ra8 49. Rf5+ Kxg4 50. Rf7 Ra2+ 51. Ke1 e3 52. Rd7 Kf3
53. Rxd4 Ra1+ 0-1

[Event "Porticcio Open"]
[Site "?"]
[Date "2016.06.28"]
[Round "5.5"]
[White "Sengupta, Deep"]
[Black "Kuzubov, Yuriy"]
[Result "1/2-1/2"]
[WhiteElo "2543"]
[BlackElo "2635"]
[PlyCount "108"]
[EventDate "2016.??.??"]

1. e4 c5 2. Nf3 Nc6 3. Bb5 e6 4. Bxc6 bxc6 5. b3 Ne7 6. Bb2 d5 7. Nc3 Ng6 8. h4
h5 9. d3 e5 10. Qd2 f6 11. O-O-O Bg4 12. Ne2 a5 13. Nh2 Bxe2 14. Qxe2 a4 15. g3
Bd6 16. exd5 axb3 17. axb3 cxd5 18. f4 Kf7 19. Qg2 exf4 20. Qxd5+ Kf8 21. g4 f3
22. Qxf3 Bf4+ 23. Kb1 Qa5 24. c3 Bxh2 25. Rxh2 Ne5 26. Qb7 hxg4 27. Kc2 Qa6 28.
Qe4 Rb8 29. Ra1 Qb6 30. Ra3 Rd8 31. h5 g3 32. Re2 Rxh5 33. Ra8 Rh2 34. Rxd8+
Qxd8 35. Ba3 Rxe2+ 36. Qxe2 Qd5 37. Qe3 Qg2+ 38. Qd2 Qg1 39. d4 Nf3 40. Qe2 Qf2
41. Bxc5+ Kf7 42. Kd1 Qg1+ 43. Kc2 Qh2 44. Kd3 Qxe2+ 45. Kxe2 g2 46. d5 g1=Q
47. Bxg1 Nxg1+ 48. Ke3 Ke7 49. b4 Kd6 50. c4 f5 51. Kf2 Nh3+ 52. Kg3 Ng1 53.
Kf2 Nh3+ 54. Kg3 Ng1 1/2-1/2

[Event "Porticcio Open"]
[Site "?"]
[Date "2016.06.28"]
[Round "5.6"]
[White "Dubessay, B."]
[Black "Areshchenko, Alexander"]
[Result "0-1"]
[WhiteElo "2304"]
[BlackElo "2654"]
[PlyCount "124"]
[EventDate "2016.??.??"]

1. d4 d6 2. c4 e5 3. d5 g6 4. Nc3 Bg7 5. e4 Nd7 6. Be3 Ne7 7. Bd3 O-O 8. Qd2 f5
9. f3 Nf6 10. Nge2 c5 11. h3 f4 12. Bf2 Nh5 13. Nc1 g5 14. Be2 Ng6 15. Nd3 Ng3
16. Rg1 Bd7 17. b4 b6 18. Nb5 Qe7 19. a4 Rfc8 20. Ra3 Bf8 21. Qa2 Qe8 22. Nc3
h5 23. a5 Nh4 24. Bd1 g4 25. hxg4 hxg4 26. fxg4 cxb4 27. Nxb4 bxa5 28. Rxa5 Qg6
29. Bxg3 fxg3 30. Rxa7 Rxa7 31. Qxa7 Rxc4 32. Qxd7 Rxe4+ 33. Nxe4 Qxe4+ 34. Kd2
Qxb4+ 35. Kc2 Qc5+ 36. Kb2 Qd4+ 37. Ka2 Qf2+ 38. Ka3 Qxg1 39. Bc2 Qc5+ 40. Kb2
Qd4+ 41. Ka2 e4 42. Qe6+ Kg7 43. g5 Qa7+ 44. Kb1 Qb6+ 45. Ka2 Qa6+ 46. Kb2 Kh8
47. Qe8 Qb7+ 48. Ka3 Qe7 49. Qh5+ Qh7 50. Qe8 Kg8 51. Qe6+ Qf7 52. Qg4 Nf3 53.
Bxe4 Ne5 54. Qxg3 Qa7+ 55. Kb3 Qb6+ 56. Kc2 Qc5+ 57. Qc3 Qxc3+ 58. Kxc3 Be7 59.
Kb4 Bxg5 60. Kb5 Be3 61. Ka6 Kf7 62. Kb7 Bc5 0-1

[Event "Porticcio Open"]
[Site "?"]
[Date "2016.06.28"]
[Round "5.7"]
[White "Laznicka, Viktor"]
[Black "Tomasi, Albert"]
[Result "1-0"]
[WhiteElo "2654"]
[BlackElo "2252"]
[PlyCount "71"]
[EventDate "2016.??.??"]

1. Nf3 d5 2. g3 Nf6 3. Bg2 g6 4. c4 c6 5. b3 Bg7 6. Bb2 O-O 7. O-O Nbd7 8. d4
Ne4 9. e3 b6 10. Qe2 Ba6 11. Rd1 Qc7 12. a4 Rfd8 13. Na3 e5 14. Qc2 Rac8 15.
cxd5 cxd5 16. Qxc7 Rxc7 17. Nxe5 Nxe5 18. dxe5 Nc5 19. Rxd5 Rxd5 20. Bxd5 Rd7
21. e4 Bb7 22. Bxb7 Rxb7 23. Rd1 Nxb3 24. Rd8+ Bf8 25. Nb5 Nc5 26. Ba3 Rd7 27.
Ra8 Kg7 28. Kg2 a6 29. Nd6 Bxd6 30. exd6 Nxa4 31. Rxa6 Nc5 32. Bxc5 bxc5 33. e5
h5 34. Rc6 Kf8 35. Rc8+ Kg7 36. e6 1-0

[Event "Porticcio Open"]
[Site "?"]
[Date "2016.06.28"]
[Round "5.8"]
[White "Merenciano, Alexandre"]
[Black "Lalith, B."]
[Result "0-1"]
[WhiteElo "2189"]
[BlackElo "2579"]
[PlyCount "100"]
[EventDate "2016.??.??"]

1. e4 c6 2. d4 d5 3. e5 Bf5 4. Nf3 e6 5. Be2 Nd7 6. O-O h6 7. Nbd2 Ne7 8. Nb3
Qc7 9. Bd2 Nc8 10. Rc1 b5 11. a4 bxa4 12. Na5 Ncb6 13. c4 dxc4 14. Bxc4 Nxc4
15. Rxc4 Be4 16. Rxa4 Nb6 17. Ra1 Be7 18. Qe2 Bd5 19. Rfc1 O-O 20. Ne1 Nd7 21.
Nd3 Qb6 22. Be3 Rab8 23. Nf4 Rfc8 24. h3 Nf8 25. Nc4 Qb7 26. Na5 Qb6 27. Nc4
Qc7 28. Ra6 Qd7 29. Qc2 Rc7 30. Nd3 Ng6 31. f3 Nh4 32. Nd6 Rb6 33. Nc5 Qd8 34.
Rca1 Bxd6 35. exd6 Rxa6 36. Nxa6 Rc8 37. Bf4 Qf6 38. Bg3 Nf5 39. Be5 Qg5 40.
Qf2 Rd8 41. Nc5 Nxd6 42. Bxd6 Rxd6 43. Rxa7 Rd8 44. Ne4 Qf4 45. Qd2 Qb8 46. Qa5
Rf8 47. Qa3 Qf4 48. Qd3 Qc1+ 49. Kh2 Qxb2 50. Qe3 Qb8+ 0-1

[Event "Porticcio Open"]
[Site "?"]
[Date "2016.06.28"]
[Round "6.1"]
[White "Naroditsky, Daniel"]
[Black "Bacrot, Etienne"]
[Result "1/2-1/2"]
[WhiteElo "2634"]
[BlackElo "2695"]
[PlyCount "66"]
[EventDate "2016.??.??"]

1. e4 e5 2. Nf3 Nc6 3. Bb5 Nf6 4. O-O Nxe4 5. d4 Nd6 6. dxe5 Nxb5 7. a4 Nbd4 8.
Nxd4 d5 9. exd6 Bxd6 10. Re1+ Be7 11. Nxc6 Qxd1 12. Rxd1 bxc6 13. Bf4 Bf5 14.
Na3 Rb8 15. b3 Bxa3 16. Rxa3 Rd8 17. Raa1 Bxc2 18. Rdc1 Bxb3 19. Rxc6 Bxa4 20.
Re1+ Kf8 21. Rxc7 h6 22. Rxa7 Bb3 23. h3 Kg8 24. Re3 Bc2 25. Rg3 Rd3 26. Be3
Bb3 27. Bf4 Rxg3 28. Ra8+ Kh7 29. Rxh8+ Kxh8 30. Bxg3 Bc4 31. Bf4 Bb3 32. Bg3
Bc4 33. Bf4 Bb3 1/2-1/2

[Event "Porticcio Open"]
[Site "?"]
[Date "2016.06.28"]
[Round "6.2"]
[White "Grandelius, Nils"]
[Black "Edouard, Romain"]
[Result "1-0"]
[WhiteElo "2643"]
[BlackElo "2648"]
[PlyCount "85"]
[EventDate "2016.??.??"]

1. Nf3 d5 2. d4 Nf6 3. c4 dxc4 4. Nc3 a6 5. e4 b5 6. e5 Nd5 7. a4 e6 8. axb5
Bb4 9. Qd2 Nb6 10. Be2 Bb7 11. bxa6 Rxa6 12. Rxa6 Nxa6 13. O-O O-O 14. Qf4 f5
15. exf6 Qxf6 16. Qg4 Nb8 17. Ne5 Nc6 18. Be3 Qf5 19. Nxc4 Qxg4 20. Bxg4 Ba6
21. Nxb6 Bxf1 22. Nd7 Bc4 23. Nxf8 Kxf8 24. Bf3 Ne7 25. Bf4 Nf5 26. Be5 Ba5 27.
g4 Nd6 28. Kg2 Bd3 29. Na4 Nc4 30. Bf4 Ke7 31. Nc5 Bc2 32. Bg5+ Kf7 33. Nb7 Kg6
34. Nxa5 Nxa5 35. Bf4 Nb3 36. Be5 Nd2 37. Bc6 Nc4 38. Be8+ Kg5 39. Kg3 Nxe5 40.
dxe5 g6 41. f4+ Kh6 42. Bf7 Bb3 43. f5 1-0

[Event "Porticcio Open"]
[Site "?"]
[Date "2016.06.28"]
[Round "6.3"]
[White "Areshchenko, Alexander"]
[Black "Schroeder, Ja"]
[Result "1-0"]
[WhiteElo "2654"]
[BlackElo "2507"]
[PlyCount "81"]
[EventDate "2016.??.??"]

1. e4 e5 2. Nf3 Nc6 3. Bb5 a6 4. Ba4 Nf6 5. O-O Be7 6. Re1 b5 7. Bb3 d6 8. c3
O-O 9. h3 Nb8 10. d4 Nbd7 11. Nbd2 Bb7 12. Bc2 Re8 13. a4 Bf8 14. Bd3 c6 15. b3
Qc7 16. Qc2 g6 17. Bb2 Bg7 18. Bf1 Rac8 19. Rad1 Qb8 20. Qb1 Nf8 21. dxe5 dxe5
22. c4 Ba8 23. axb5 cxb5 24. Qa1 N6d7 25. b4 bxc4 26. Nxc4 Rc6 27. Qa5 h6 28.
Rd2 Ree6 29. Red1 Qc7 30. Qa2 Nb6 31. Ne3 Rcd6 32. Bd3 Bb7 33. Qa5 Nfd7 34. Ba3
Nf6 35. b5 Rxd3 36. Rxd3 axb5 37. Bd6 Qc6 38. Nxe5 Rxe5 39. Bxe5 Nc4 40. Nxc4
bxc4 41. Rf3 1-0

[Event "Porticcio Open"]
[Site "?"]
[Date "2016.06.28"]
[Round "6.6"]
[White "Capone, N."]
[Black "Cornette, Matthieu"]
[Result "0-1"]
[WhiteElo "2397"]
[BlackElo "2583"]
[PlyCount "94"]
[EventDate "2016.??.??"]

1. e4 e6 2. d4 d5 3. Nc3 Nf6 4. e5 Nfd7 5. f4 c5 6. Nf3 Be7 7. Be3 O-O 8. Qd2
b6 9. Be2 Nc6 10. Nd1 f5 11. c3 a5 12. O-O a4 13. Nf2 Ba6 14. Bxa6 Rxa6 15. g4
cxd4 16. cxd4 Na5 17. Qd3 Nc4 18. b3 Nxe3 19. Qxe3 fxg4 20. Nxg4 Qe8 21. Kh1
Qh5 22. Nf2 Qf5 23. Nd3 Qe4 24. Rae1 Qxe3 25. Rxe3 axb3 26. axb3 Ra3 27. Rc1
Bd8 28. Rc6 Re8 29. f5 Rxb3 30. Nd2 Ra3 31. Rd6 Nf8 32. Rf3 exf5 33. Nf4 Ra2
34. Nf1 Ra4 35. Nxd5 Ne6 36. Rd3 Kf8 37. Nc3 Ra1 38. Kg1 Ra3 39. Rf3 g6 40. Nd2
Ng5 41. Rd3 b5 42. Rg3 f4 43. Rxg5 Bxg5 44. Nce4 Be7 45. Rb6 Rd8 46. Nd6 Bxd6
47. exd6 Rd3 0-1

[Event "Porticcio Open"]
[Site "?"]
[Date "2016.06.28"]
[Round "6.7"]
[White "Lalith, B."]
[Black "Schnider, G."]
[Result "1-0"]
[WhiteElo "2579"]
[BlackElo "2374"]
[PlyCount "63"]
[EventDate "2016.??.??"]

1. Nf3 Nf6 2. c4 c6 3. Nc3 d5 4. d4 a6 5. c5 Nbd7 6. g3 g6 7. Bg2 Bg7 8. O-O
O-O 9. Qc2 Re8 10. Rd1 Nf8 11. Qb3 Ne4 12. Nxe4 dxe4 13. Ng5 Qd5 14. Qc2 f5 15.
f3 e6 16. Be3 exf3 17. Nxf3 Qd8 18. Bg5 Qa5 19. e4 fxe4 20. Ne5 Bxe5 21. dxe5
Nd7 22. Rac1 Nxe5 23. Bxe4 Qc7 24. Bf4 Qg7 25. Bxe5 Qxe5 26. Bxg6 Rf8 27. Bxh7+
Kh8 28. Be4 Qg5 29. Qc3+ e5 30. Rd6 Bh3 31. Rg6 Qh5 32. Qe3 1-0

[Event "Porticcio Open"]
[Site "?"]
[Date "2016.06.28"]
[Round "6.8"]
[White "Debray, C."]
[Black "Sengupta, Deep"]
[Result "0-1"]
[WhiteElo "2337"]
[BlackElo "2543"]
[PlyCount "78"]
[EventDate "2016.??.??"]

1. e4 e5 2. Nf3 Nc6 3. Bc4 Bc5 4. O-O Nf6 5. d4 Bxd4 6. Nxd4 Nxd4 7. f4 d6 8.
fxe5 dxe5 9. Bg5 Be6 10. Na3 Qe7 11. c3 Bxc4 12. Bxf6 gxf6 13. Nxc4 Ne6 14. b4
Rg8 15. Ne3 Nf4 16. g3 Qe6 17. Qf3 Nh3+ 18. Kh1 Ng5 19. Qxf6 Qxf6 20. Rxf6 Nxe4
21. Rf5 Rg5 22. Rxg5 Nxg5 23. Ng4 O-O-O 24. Nxe5 f6 25. Ng4 Ne4 26. Rf1 h5 27.
Rf4 Rd1+ 28. Kg2 Rd2+ 29. Kh1 f5 30. Nh6 Nf2+ 31. Kg2 Nd3+ 32. Kh3 Nxf4+ 33.
gxf4 Rxa2 34. Nxf5 Rc2 35. Ng3 Rxc3 36. Kh4 c5 37. b5 Rf3 38. Nxh5 c4 39. Kg4
Rf2 0-1

[Event "Porticcio Open"]
[Site "?"]
[Date "2016.06.29"]
[Round "7.1"]
[White "Areshchenko, Alexander"]
[Black "Grandelius, Nils"]
[Result "1-0"]
[WhiteElo "2654"]
[BlackElo "2643"]
[PlyCount "91"]
[EventDate "2016.??.??"]

1. e4 e5 2. Nf3 Nc6 3. Bb5 a6 4. Ba4 Nf6 5. O-O Be7 6. Re1 b5 7. Bb3 d6 8. c3
O-O 9. h3 Na5 10. Bc2 c5 11. d4 Qc7 12. Nbd2 Bd7 13. Nf1 Nc4 14. b3 Nb6 15. Ne3
c4 16. Ba3 Rfe8 17. Qd2 Bf8 18. Rad1 cxb3 19. axb3 a5 20. Rc1 a4 21. bxa4 Nxa4
22. Bb4 Rac8 23. Bb1 Nb6 24. Bd3 Qb7 25. dxe5 dxe5 26. Bxf8 Kxf8 27. c4 Kg8 28.
cxb5 Nxe4 29. Bxe4 Qxe4 30. Nc4 Nxc4 31. Qxd7 Qa8 32. Ng5 Rf8 33. Qd3 e4 34.
Nxe4 Rfd8 35. Qg3 Qa5 36. Qg5 h6 37. Nf6+ Kf8 38. Nh7+ Kg8 39. Nf6+ Kf8 40. Qf5
gxf6 41. Qxf6 Kg8 42. Rc3 Rd3 43. Re7 Qa1+ 44. Kh2 Rf8 45. Re4 Ne5 46. Rxd3 1-0

[Event "Porticcio Open"]
[Site "?"]
[Date "2016.06.29"]
[Round "7.2"]
[White "Bacrot, Etienne"]
[Black "Lalith, B."]
[Result "1/2-1/2"]
[WhiteElo "2695"]
[BlackElo "2579"]
[PlyCount "52"]
[EventDate "2016.??.??"]

1. e4 e5 2. Nf3 Nc6 3. Bb5 a6 4. Ba4 Nf6 5. O-O b5 6. Bb3 Nxe4 7. d4 d5 8. dxe5
Be6 9. Be3 Be7 10. Nbd2 O-O 11. c3 Bg4 12. Bf4 Bg5 13. Bxg5 Nxg5 14. h3 Bh5 15.
Re1 Re8 16. Kf1 Nxf3 17. Nxf3 Bxf3 18. Qxf3 Rxe5 19. Rxe5 Nxe5 20. Qxd5 Qxd5
21. Bxd5 Rd8 22. Bb7 Rd6 23. a4 Rb6 24. Bd5 Rd6 25. Bb7 Rb6 26. Bd5 Rd6 1/2-1/2

[Event "Porticcio Open"]
[Site "?"]
[Date "2016.06.29"]
[Round "7.4"]
[White "Cornette, Matthieu"]
[Black "Naroditsky, Daniel"]
[Result "0-1"]
[WhiteElo "2583"]
[BlackElo "2634"]
[PlyCount "103"]
[EventDate "2016.??.??"]

1. e4 e5 2. Nf3 Nc6 3. Bc4 Bc5 4. c3 Nf6 5. d3 a6 6. a4 O-O 7. O-O d5 8. exd5
Nxd5 9. Nbd2 Nb6 10. Ba2 Qxd3 11. a5 Nd7 12. Bb1 Qd6 13. Ng5 Nf6 14. Qc2 Ne7
15. Nge4 Bf5 16. Nxd6 Bxc2 17. Nxb7 Bxb1 18. Nxc5 Bf5 19. Nc4 Nc6 20. Re1 Rfe8
21. b4 Nd7 22. Be3 Nxc5 23. Bxc5 f6 24. Ne3 Be6 25. Red1 Red8 26. Kf1 Kf7 27.
Ke2 f5 28. Rxd8 Nxd8 29. Nd1 Nb7 30. Be3 f4 31. Bd2 Bc4+ 32. Ke1 Nd6 33. Nb2
Rd8 34. f3 g5 35. g3 Bd5 36. Kf2 Nc4 37. Nxc4 Bxc4 38. Be1 Rd3 39. Rb1 c6 40.
Rc1 Ke6 41. Rc2 Bd5 42. c4 Rxf3+ 43. Ke2 Re3+ 44. Kd2 Bf3 45. Bf2 Re2+ 46. Kc3
Rxc2+ 47. Kxc2 e4 48. Bb6 Be2 49. Kc3 e3 50. gxf4 gxf4 51. Kd4 Kf5 52. h3 0-1

[Event "Porticcio Open"]
[Site "?"]
[Date "2016.06.29"]
[Round "7.5"]
[White "Edouard, Romain"]
[Black "Libiszewski, F."]
[Result "1/2-1/2"]
[WhiteElo "2648"]
[BlackElo "2537"]
[PlyCount "64"]
[EventDate "2016.??.??"]

1. c4 Nf6 2. g3 e6 3. Bg2 d5 4. Nf3 Be7 5. O-O O-O 6. d4 dxc4 7. Qc2 b6 8. Ne5
Qxd4 9. Nxc4 Nd5 10. Rd1 Qc5 11. b3 Nc6 12. Ba3 Ncb4 13. Qd2 a5 14. e4 Nf6 15.
e5 Nfd5 16. Nc3 Nxc3 17. Qxc3 Ra7 18. Rac1 b5 19. Nd6 Qxc3 20. Rxc3 cxd6 21.
exd6 Rd7 22. Rdc1 Rxd6 23. Bxb4 axb4 24. Rxc8 Rxc8 25. Rxc8+ Rd8 26. Rxd8+ Bxd8
27. Bf1 Kf8 28. Bxb5 Ke7 29. f4 Kd6 30. Be8 Ke7 31. Bb5 Kd6 32. Be8 Kd5 1/2-1/2

[Event "Porticcio Open"]
[Site "?"]
[Date "2016.06.29"]
[Round "7.6"]
[White "Maze, S."]
[Black "Kuzubov, Yuriy"]
[Result "0-1"]
[WhiteElo "2627"]
[BlackElo "2635"]
[PlyCount "106"]
[EventDate "2016.??.??"]

1. e4 c5 2. Nf3 Nc6 3. Bb5 e6 4. O-O Nge7 5. Re1 a6 6. Bf1 d5 7. exd5 Nxd5 8.
d4 Nf6 9. Be3 Be7 10. c4 O-O 11. Nc3 cxd4 12. Nxd4 Ne5 13. h3 Bd7 14. Qb3 Rc8
15. Nc2 Qc7 16. Bb6 Qb8 17. Rad1 Bc6 18. Nd4 Nfd7 19. Nxc6 Rxc6 20. Be3 Qc7 21.
Bf4 Bd6 22. Ne4 Nc5 23. Nxc5 Rxc5 24. Rxd6 Qxd6 25. Qxb7 Rb8 26. Qe4 f6 27. Bc1
Nxc4 28. Bxc4 Re5 29. Qxe5 fxe5 30. b3 e4 31. Be3 Qa3 32. Bf4 Rf8 33. Bg3 Qxa2
34. Kh2 Qc2 35. Re2 Qb1 36. Bxa6 Rd8 37. Bc4 Kf7 38. Bf4 Kf6 39. Rd2 Rd3 40.
Be3 e5 41. Bxd3 exd3 42. b4 e4 43. Bd4+ Kf7 44. Bc5 Ke6 45. Kg3 Kf5 46. Kh2 Ke5
47. Kg3 Kd5 48. Kh2 Kc4 49. Kg3 Qa1 50. Be3 Qe5+ 51. Bf4 Qe6 52. Rb2 g5 53. Bc1
Qe5+ 0-1

[Event "Porticcio Open"]
[Site "?"]
[Date "2016.06.29"]
[Round "7.7"]
[White "Bernard, Ch1"]
[Black "Laznicka, Viktor"]
[Result "0-1"]
[WhiteElo "2245"]
[BlackElo "2654"]
[PlyCount "92"]
[EventDate "2016.??.??"]

1. d4 f5 2. g3 Nf6 3. Bg2 g6 4. c3 Bg7 5. Qb3 Nc6 6. Nd2 a5 7. a4 Ra6 8. Nh3 e5
9. dxe5 Nxe5 10. O-O d5 11. Nf4 c6 12. Nd3 Nf7 13. Qc2 O-O 14. b3 Ne4 15. Bb2
Nfd6 16. c4 Bxb2 17. Qxb2 Qf6 18. Qxf6 Rxf6 19. Nxe4 dxe4 20. Ne5 Nf7 21. Nxf7
Kxf7 22. f3 Rb6 23. Rab1 exf3 24. Bxf3 Ke7 25. Rfc1 Rb4 26. Rc3 Rd6 27. Kf2 Be6
28. Rbc1 g5 29. Re3 Kf6 30. Rcc3 Bf7 31. Rcd3 Rxd3 32. Rxd3 Bg6 33. Rc3 Ke5 34.
e3 Bf7 35. Bd1 Be6 36. Bc2 Rb6 37. Rd3 c5 38. h3 Rd6 39. Rxd6 Kxd6 40. h4 gxh4
41. gxh4 Ke5 42. Bd1 Bd7 43. Bf3 Bc6 44. Bd1 f4 45. Bh5 Be4 46. Bd1 Kf5 0-1

[Event "Porticcio Open"]
[Site "?"]
[Date "2016.06.29"]
[Round "7.8"]
[White "Jones, Gawain C B"]
[Black "Tomasi, Albert"]
[Result "1-0"]
[WhiteElo "2650"]
[BlackElo "2252"]
[PlyCount "55"]
[EventDate "2016.??.??"]

1. Nf3 d5 2. g3 Nf6 3. Bg2 c5 4. c4 e6 5. cxd5 exd5 6. d4 Nc6 7. Nc3 Bf5 8. O-O
Be7 9. dxc5 d4 10. Nb5 Bxc5 11. b4 Bb6 12. Bf4 O-O 13. Nd6 Be4 14. Nxe4 Nxe4
15. Qd3 Qe7 16. a3 Rad8 17. Rfe1 Rfe8 18. Rac1 f5 19. h4 h6 20. b5 Na5 21. h5
Rd5 22. Nh4 Qd7 23. a4 Kh7 24. g4 Nxf2 25. Kxf2 Re3 26. Ng6 Qd8 27. Bxd5 Rxd3
28. exd3 1-0

[Event "Porticcio Open"]
[Site "?"]
[Date "2016.06.30"]
[Round "8.2"]
[White "Grandelius, Nils"]
[Black "Sengupta, Deep"]
[Result "1/2-1/2"]
[WhiteElo "2643"]
[BlackElo "2543"]
[PlyCount "167"]
[EventDate "2016.??.??"]

1. c4 c6 2. Nf3 Nf6 3. g3 g6 4. b3 Bg7 5. Bb2 O-O 6. Bg2 d5 7. O-O Bg4 8. d3
Bxf3 9. Bxf3 e6 10. Nd2 Nbd7 11. Bg2 Ne8 12. d4 f5 13. e3 Nd6 14. Qc2 Nf6 15.
Nf3 Nf7 16. Rfd1 Qe7 17. a4 Rfd8 18. a5 a6 19. Ne1 g5 20. cxd5 cxd5 21. Rac1
Ne4 22. Nd3 Qe8 23. Qb1 Rac8 24. f3 Ned6 25. Rxc8 Rxc8 26. Rc1 Nb5 27. Bf1 Nfd6
28. Rc5 Qh5 29. Rxc8+ Nxc8 30. Qc2 Ncd6 31. Be2 Qe8 32. Bc1 Bf8 33. Bd2 Qc8 34.
Qc5 Qd8 35. Bb4 Be7 36. Qc1 Bf8 37. Kf1 h6 38. Ke1 Nf7 39. Bxf8 Kxf8 40. Qc5+
Kg7 41. Qb6 Qxb6 42. axb6 Nbd6 43. Nc5 Nd8 44. Kd2 a5 45. Kc3 Kf7 46. b4 axb4+
47. Kxb4 Nc6+ 48. Ka4 f4 49. Kb3 fxe3 50. Kc3 Nd8 51. Na4 Ke7 52. Kd3 Nc4 53.
Kc3 Nd6 54. Kd3 Nc4 55. Kc3 Nc6 56. Nc5 N6a5 57. f4 gxf4 58. gxf4 Nxb6 59. Bg4
Nbc4 60. Kd3 Nc6 61. Nxb7 Nb4+ 62. Kc3 Na6 63. Be2 Kf6 64. Bxc4 dxc4 65. Nd6
Nc7 66. Nxc4 Nd5+ 67. Kd3 Kf5 68. Nxe3+ Kxf4 69. Nc4 h5 70. Ne5 Nf6 71. h4 Nd5
72. Nd7 Kg4 73. Nc5 Nc7 74. Ke4 Kxh4 75. Ke5 Kg4 76. Nxe6 Nxe6 77. Kxe6 h4 78.
d5 h3 79. d6 h2 80. d7 h1=Q 81. d8=Q Qe4+ 82. Kd7 Qd5+ 83. Kc7 Qxd8+ 84. Kxd8
1/2-1/2

[Event "Porticcio Open"]
[Site "?"]
[Date "2016.06.30"]
[Round "8.3"]
[White "Libiszewski, F."]
[Black "Bacrot, Etienne"]
[Result "1/2-1/2"]
[WhiteElo "2537"]
[BlackElo "2695"]
[PlyCount "59"]
[EventDate "2016.??.??"]

1. e4 e5 2. Nf3 Nc6 3. Nc3 Nf6 4. Bb5 Nd4 5. Nxd4 exd4 6. e5 dxc3 7. exf6 Qxf6
8. dxc3 Qe5+ 9. Qe2 Qxe2+ 10. Bxe2 Bc5 11. Bf4 d6 12. O-O Bf5 13. Bd3 Bxd3 14.
cxd3 Kd7 15. Rfe1 Rae8 16. Kf1 Bb6 17. Rxe8 Rxe8 18. Re1 Rxe1+ 19. Kxe1 d5 20.
d4 c6 21. Ke2 Ke6 22. Kf3 a6 23. g4 Bd8 24. Ke3 Be7 25. f3 g5 26. Bb8 f6 27. h3
Bf8 28. Bh2 Be7 29. Bb8 Bf8 30. Bh2 1/2-1/2

[Event "Porticcio Open"]
[Site "?"]
[Date "2016.06.30"]
[Round "8.4"]
[White "Kuzubov, Yuriy"]
[Black "Lalith, B."]
[Result "1/2-1/2"]
[WhiteElo "2635"]
[BlackElo "2579"]
[PlyCount "79"]
[EventDate "2016.??.??"]

1. d4 Nf6 2. c4 e6 3. Nc3 Bb4 4. Qc2 d5 5. a3 Bxc3+ 6. Qxc3 O-O 7. Bg5 dxc4 8.
Qxc4 b6 9. Rd1 Ba6 10. Qc2 h6 11. Bh4 Nbd7 12. e4 Bxf1 13. Kxf1 Qc8 14. Qc6
Qa6+ 15. Ne2 Rac8 16. f3 Nb8 17. Qc2 Nbd7 18. Kf2 c5 19. d5 exd5 20. Bxf6 Nxf6
21. e5 Ne8 22. Rxd5 Nc7 23. Rd6 Ne6 24. Rhd1 c4 25. Qf5 Nc5 26. Nf4 Qb5 27. Nd5
Qxb2+ 28. Kg1 Nd3 29. Ne7+ Kh8 30. Rxh6+ gxh6 31. Qf6+ Kh7 32. Qf5+ Kh8 33.
Qf6+ Kh7 34. Nf5 Qxe5 35. Qxh6+ Kg8 36. Qg5+ Kh7 37. Qh5+ Kg8 38. Qg5+ Kh7 39.
Qh5+ Kg8 40. Qg5+ 1/2-1/2